[Event "Pocos de Caldas op"]
[Site "Pocos de Caldas"]
[Date "2014.02.16"]
[Round "5"]
[White "Cardoso, Julia Aguiar Vieira"]
[Black "Noseda, Francesco"]
[Result "1-0"]
[WhiteElo "1742"]
[BlackElo "1977"]
[PlyCount "73"]
[EventDate "2014.02.14"]
[EventType "swiss"]
[EventRounds "6"]
[EventCountry "BRA"]
[SourceTitle "OM OTB B 201907"]
[Source "Opening Master"]
[SourceDate "2019.07.06"]
[SourceVersion "2"]
[SourceVersionDate "2019.07.06"]
[SourceQuality "1"]

1. e4 c5 2. Nf3 d6 3. d4 cxd4 4. Nxd4 Nf6 5. Nc3 Nc6 6. Be2 e5 7. Nb3 Be7 8.
Be3 O-O 9. O-O a6 10. a4 Be6 11. Nd2 d5 12. exd5 Nxd5 13. Nxd5 Bxd5 14. f4 Rc8
15. Bd3 exf4 16. Bxf4 Qb6+ 17. Kh1 Nb4 18. Bf5 Be6 19. Bxe6 Qxe6 20. c3 Nd3 21.
Qf3 Nxf4 22. Qxf4 Bd6 23. Qh4 Rfe8 24. Nf3 Be7 25. Qf2 Bc5 26. Qh4 f6 27. Rad1
Rcd8 28. b4 Rxd1 29. Rxd1 Qe2 30. Re1 Qxe1+ 31. Nxe1 Bd6 32. Nf3 h6 33. g3 Rc8
34. Qd4 Bf8 35. Nh4 Rc7 36. Qd8 Rf7 37. Qd5 1-0

[Event "HUN-chT2 Szechenyi 1314"]
[Site "Hungary"]
[Date "2014.02.09"]
[Round "6.4"]
[White "Lang, Gusztav"]
[Black "Kovacs, Elod"]
[Result "1/2-1/2"]
[WhiteElo "1985"]
[BlackElo "2161"]
[PlyCount "37"]
[EventDate "2013.09.08"]
[EventType "team-tourn"]
[EventRounds "11"]
[EventCountry "HUN"]
[SourceTitle "OM OTB B 201907"]
[Source "Opening Master"]
[SourceDate "2019.07.06"]
[SourceVersion "2"]
[SourceVersionDate "2019.07.06"]
[SourceQuality "1"]

1. e4 c5 2. Nf3 d6 3. d4 cxd4 4. Nxd4 Nf6 5. Nc3 Nc6 6. Be2 e5 7. Nb3 Be7 8.
O-O a5 9. a4 O-O 10. Be3 Nb4 11. f4 Bd7 12. Kh1 Bc6 13. Bf3 exf4 14. Bxf4 d5
15. e5 Ne4 16. Nd4 Nxc3 17. bxc3 Na6 18. c4 dxc4 19. Bxc6 1/2-1/2

[Event "Gibraltar Challengers-A 12th"]
[Site "Caleta"]
[Date "2014.01.31"]
[Round "5"]
[White "Pena Riasco, Alexander"]
[Black "Janev, Pavel"]
[Result "0-1"]
[WhiteElo "2154"]
[BlackElo "2203"]
[PlyCount "120"]
[EventDate "2014.01.27"]
[EventType "swiss"]
[EventRounds "5"]
[EventCountry "ENG"]
[SourceTitle "OM OTB B 201907"]
[Source "Opening Master"]
[SourceDate "2019.07.06"]
[SourceVersion "2"]
[SourceVersionDate "2019.07.06"]
[SourceQuality "1"]

1. e4 c5 2. Nf3 Nc6 3. d4 cxd4 4. Nxd4 Nf6 5. Nc3 d6 6. Be2 e5 7. Nf3 h6 8. O-O
Be7 9. h3 a6 10. Be3 O-O 11. Nh2 b5 12. Ng4 Be6 13. Nxf6+ Bxf6 14. Nd5 Bg5 15.
c3 Rb8 16. Qd2 a5 17. Rfd1 b4 18. Bxg5 Qxg5 19. Bc4 Rfd8 20. Qxg5 hxg5 21. Rd2
bxc3 22. bxc3 Bxd5 23. Rxd5 Kf8 24. Rad1 Ke7 25. Bb5 Rbc8 26. Ba4 Rc7 27. Rb1
Nb8 28. Rxa5 Nd7 29. Bxd7 Kxd7 30. Rd1 Ke6 31. Rd3 g6 32. f3 Rc6 33. Kf2 Rb8
34. Rad5 Rb2+ 35. Rd2 Rxd2+ 36. Rxd2 Rxc3 37. g4 Ra3 38. Kg2 Ra6 39. Kg3 f5 40.
exf5+ gxf5 41. h4 f4+ 42. Kh3 Ra3 43. hxg5 e4 44. g6 Rxf3+ 45. Kh4 Ra3 46. Kg5
e3 47. Rd4 Ra5+ 48. Kh6 Ke5 49. Rb4 e2 50. Rb8 Ke4 51. g7 e1=Q 52. Re8+ Re5 53.
Rxe5+ dxe5 54. Kg5 f3 55. g8=Q Qc1+ 56. Kh4 f2 57. Qg6+ Kf3 58. Qd3+ Qe3 59.
Qf5+ Kg2 60. Qc2 Qh6# 0-1

[Event "Curitiba CC 76 Anniversary"]
[Site "Curitiba"]
[Date "2014.01.31"]
[Round "1"]
[White "Moraes, Maurino Anastacio"]
[Black "Chemin, Vitorio"]
[Result "1/2-1/2"]
[WhiteElo "1711"]
[BlackElo "2188"]
[PlyCount "83"]
[EventDate "2014.01.31"]
[EventType "swiss"]
[EventRounds "6"]
[EventCountry "BRA"]
[SourceTitle "OM OTB B 201907"]
[Source "Opening Master"]
[SourceDate "2019.07.06"]
[SourceVersion "2"]
[SourceVersionDate "2019.07.06"]
[SourceQuality "1"]

1. e4 c5 2. Nf3 Nc6 3. d4 cxd4 4. Nxd4 Nf6 5. Nc3 d6 6. Be2 e5 7. Nb3 Be7 8.
O-O a5 9. a4 O-O 10. Be3 Be6 11. Bf3 Nb4 12. Bg5 Rc8 13. Rc1 h6 14. Bxf6 Bxf6
15. Nb5 Rxc2 16. Rxc2 Bxb3 17. Rc8 Bxd1 18. Rxd8 Rxd8 19. Rxd1 Be7 20. Na3 Rc8
21. Be2 Nc6 22. Nb5 g6 23. Nxd6 Bxd6 24. Rxd6 Nd4 25. Bf1 Rc1 26. f3 Kf8 27.
Rb6 Rc7 28. b3 Ke7 29. Bc4 h5 30. Kf2 g5 31. h4 gxh4 32. Rh6 Rc8 33. Rxh5 Kf6
34. Rxh4 b5 35. axb5 a4 36. b6 axb3 37. b7 Rb8 38. Rh6+ Ke7 39. Rb6 Kd7 40.
Bxb3 Kc7 41. Rb4 Nc6 42. Rb5 1/2-1/2

[Event "Barcelona Sant Marti op 3rd"]
[Site "Barcelona"]
[Date "2014.01.30"]
[Round "3"]
[White "Mateu Farre, Jose Maria"]
[Black "Martorell Aguado, Joan"]
[Result "0-1"]
[WhiteElo "2117"]
[BlackElo "2230"]
[PlyCount "68"]
[EventDate "2014.01.16"]
[EventType "swiss"]
[EventRounds "9"]
[EventCountry "ESP"]
[SourceTitle "OM OTB B 201907"]
[Source "Opening Master"]
[SourceDate "2019.07.06"]
[SourceVersion "2"]
[SourceVersionDate "2019.07.06"]
[SourceQuality "1"]

1. e4 c5 2. Nf3 d6 3. d4 cxd4 4. Nxd4 Nf6 5. Nc3 Nc6 6. Be2 e5 7. Nb3 Be7 8.
O-O a5 9. a4 O-O 10. Be3 Be6 11. Nd2 Rc8 12. Nc4 Nd4 13. Bxd4 Bxc4 14. Be3 h6
15. f4 exf4 16. Rxf4 Re8 17. Qf1 Bxe2 18. Qxe2 Nd7 19. Raf1 Ne5 20. Bd4 Bg5 21.
Bxe5 Rxe5 22. Rxf7 Qb6+ 23. Kh1 Qxb2 24. Qg4 Qxc3 25. h4 h5 26. Qd7 Bh6 27.
Qxd6 Qg3 28. R1f3 Qe1+ 29. Kh2 Qxh4+ 30. Kg1 Qxe4 31. Rg3 Be3+ 32. Kh1 Qh4+ 33.
Rh3 Qe1+ 34. Kh2 Bg1+ 0-1

[Event "Gibraltar Masters 12th"]
[Site "Caleta"]
[Date "2014.01.30"]
[Round "3"]
[White "Zude, Arno"]
[Black "Kvisla, Johannes Luangtep"]
[Result "1-0"]
[WhiteElo "2400"]
[BlackElo "2154"]
[PlyCount "75"]
[EventDate "2014.01.28"]
[EventType "swiss"]
[EventRounds "10"]
[EventCountry "ENG"]
[SourceTitle "OM OTB B 201907"]
[Source "Opening Master"]
[SourceDate "2019.07.06"]
[SourceVersion "2"]
[SourceVersionDate "2019.07.06"]
[SourceQuality "1"]

1. e4 c5 2. Nf3 d6 3. d4 cxd4 4. Nxd4 Nf6 5. Nc3 Nc6 6. Be2 e5 7. Nf3 h6 8. O-O
Be7 9. Re1 Be6 10. Bf1 O-O 11. h3 Qc7 12. b3 Rfd8 13. Nd5 Bxd5 14. exd5 Nb4 15.
c4 a5 16. Be3 Bf8 17. a3 Na6 18. Rb1 Nc5 19. b4 axb4 20. axb4 Ncd7 21. Qb3 b6
22. Ra1 Qb7 23. Ra4 b5 24. Ra5 bxc4 25. Bxc4 Rab8 26. Rb5 Qxb5 27. Bxb5 Rxb5
28. Qc4 Rdb8 29. Bd2 Nxd5 30. Ra1 N5f6 31. Ra7 d5 32. Qc7 Bxb4 33. Bxb4 Rxb4
34. Nxe5 Nxe5 35. Qxe5 R4b7 36. Kh2 Kh7 37. Rxb7 Rxb7 38. Qf5+ 1-0

[Event "FICS rated standard game"]
[Site "FICS freechess.org"]
[Date "2014.01.29"]
[Round "?"]
[White "brandoncraig"]
[Black "MortimerBlackwell"]
[Result "0-1"]
[WhiteElo "2364"]
[BlackElo "2295"]
[PlyCount "37"]
[EventDate "2014.??.??"]

1. e4 c5 2. Nf3 d6 3. d4 cxd4 4. Nxd4 Nf6 5. Nc3 Nc6 6. Be2 e5 7. Nxc6 bxc6 8.
O-O Be7 9. Qd3 Be6 10. Qg3 h5 11. Qxg7 Rg8 12. Qh6 Rg6 13. Qe3 h4 14. Kh1 h3
15. g3 Ng4 16. Qd2 Qb6 17. Qe1 Nf6 18. Bd3 Nd7 19. Rb1 0-1

[Event "CHI-ch sf Centro"]
[Site "Santiago de Chile"]
[Date "2014.01.26"]
[Round "7"]
[White "Valenzuela Morales, Jorge"]
[Black "Sanchez Sandoval, Gonzalo"]
[Result "1-0"]
[WhiteElo "1992"]
[BlackElo "2120"]
[PlyCount "103"]
[EventDate "2014.01.22"]
[EventType "swiss"]
[EventRounds "7"]
[EventCountry "CHI"]
[SourceTitle "OM OTB B 201907"]
[Source "Opening Master"]
[SourceDate "2019.07.06"]
[SourceVersion "2"]
[SourceVersionDate "2019.07.06"]
[SourceQuality "1"]

1. e4 c5 2. Nf3 d6 3. d4 cxd4 4. Nxd4 Nf6 5. Nc3 Nc6 6. Be2 e5 7. Nb3 Be7 8.
Bg5 O-O 9. O-O Be6 10. Bxf6 Bxf6 11. Nd5 Bg5 12. c3 Ne7 13. Bc4 Ng6 14. Qd3 Rc8
15. g3 Kh8 16. Rad1 Bh3 17. Rfe1 f5 18. exf5 e4 19. Qd4 Rxc4 20. Qxc4 Ne5 21.
Qxe4 Bxf5 22. Qg2 Bg4 23. f4 Nf3+ 24. Kh1 Nxe1 25. Rxe1 Qd7 26. Nd4 Bd8 27. Qe4
Bh5 28. f5 Re8 29. Ne6 Qc6 30. c4 Ba5 31. Rf1 Bb6 32. g4 Bf7 33. b3 Kg8 34. Re1
Bd8 35. Re2 Bh4 36. Kg2 Bd8 37. h3 Qc8 38. Kh2 Kh8 39. Kg3 Kg8 40. h4 h5 41. g5
g6 42. Ndf4 d5 43. cxd5 Bc7 44. Kg2 Bxf4 45. Qxf4 Qd7 46. Qe5 Bxe6 47. fxe6 Qb5
48. d6 Qc6+ 49. Kh2 Qb6 50. e7 Qc6 51. Rf2 Qc8 52. Qf6 1-0

[Event "CZE-chTE U20 1314"]
[Site "Czechia"]
[Date "2014.01.25"]
[Round "6.1"]
[White "Walica, Roman"]
[Black "Kubik, Michael"]
[Result "1/2-1/2"]
[WhiteElo "1863"]
[BlackElo "2157"]
[PlyCount "119"]
[EventDate "2013.10.12"]
[EventType "team-tourn"]
[EventRounds "11"]
[EventCountry "CZE"]
[SourceTitle "OM OTB B 201907"]
[Source "Opening Master"]
[SourceDate "2019.07.06"]
[SourceVersion "2"]
[SourceVersionDate "2019.07.06"]
[SourceQuality "1"]

1. e4 c5 2. Nf3 d6 3. d4 cxd4 4. Nxd4 Nf6 5. Nc3 Nc6 6. Be2 e5 7. Nb3 Be7 8.
O-O O-O 9. Bg5 Nxe4 10. Nxe4 Bxg5 11. Qxd6 Be7 12. Qxd8 Rxd8 13. c3 Bf5 14. f3
b6 15. Rad1 Be6 16. Bb5 Rac8 17. Rxd8+ Nxd8 18. Rd1 Nb7 19. Kf2 Rc7 20. g4 h6
21. Ke2 g6 22. h3 f5 23. Ng3 Nd6 24. Bd3 Bh4 25. gxf5 gxf5 26. Nh5 e4 27. Bxe4
Nxe4 28. fxe4 fxe4 29. Nf4 Bc4+ 30. Ke3 Bg5 31. Kxe4 Rf7 32. Nd3 Re7+ 33. Kd4
b5 34. Kc5 Rd7 35. Nd4 a6 36. Kc6 Rd8 37. b3 Bd5+ 38. Kc7 Kh7 39. Re1 Bg2 40.
Nc5 Bxh3 41. Nxa6 Ra8 42. Kb7 Bg2+ 43. Kb6 h5 44. Rg1 Bd8+ 45. Kxb5 Be4 46. Ne6
Bd3+ 47. c4 Bf6 48. Nf4 Bf5 49. Nxh5 Bd7+ 50. Kb6 Bd4+ 51. Kb7 Ra7+ 52. Kb8
Bxg1 53. Nf6+ Kg6 54. Nxd7 Rxa6 55. c5 Rxa2 56. c6 Rb2 57. c7 Rxb3+ 58. Ka8
Ra3+ 59. Kb7 Rb3+ 60. Ka8 1/2-1/2

[Event "BL2-West 1314 (Women)"]
[Site "Germany"]
[Date "2014.01.23"]
[Round "1.2"]
[White "Wirths, Clara"]
[Black "Rath, Alina"]
[Result "1-0"]
[WhiteElo "2003"]
[BlackElo "1998"]
[PlyCount "107"]
[EventDate "2014.01.23"]
[EventType "team-tourn"]
[EventRounds "9"]
[EventCountry "GER"]
[SourceTitle "OM OTB B 201907"]
[Source "Opening Master"]
[SourceDate "2019.07.06"]
[SourceVersion "2"]
[SourceVersionDate "2019.07.06"]
[SourceQuality "1"]

1. e4 c5 2. Nf3 Nc6 3. d4 cxd4 4. Nxd4 Nf6 5. Nc3 d6 6. Be2 e5 7. Nb3 h6 8. Be3
Be7 9. f3 Be6 10. Qd2 O-O 11. O-O-O a5 12. g4 a4 13. Na1 a3 14. b3 Nb4 15. g5
hxg5 16. Bxg5 Rc8 17. Kb1 Qa5 18. Bxf6 Bxf6 19. Nd5 Bxd5 20. exd5 Qc5 21. c4
Rfe8 22. Bd3 Re7 23. Be4 b5 24. Rc1 Rec7 25. Nc2 Nxa2 26. Kxa2 bxc4 27. Na1 c3
28. Qg2 Rb8 29. Rc2 Rcb7 30. Rhc1 Rc7 31. Qg1 Qb4 32. Qe3 Rbc8 33. Rg1 Rc5 34.
Qh6 Kf8 35. Qe3 Qd4 36. Re1 Qb4 37. Rb1 Ke7 38. Re2 Rb8 39. Nc2 Qb7 40. Ree1
Rh8 41. Re2 Rb8 42. b4 Rc4 43. Rb3 Rbc8 44. Re1 Rh8 45. Rxa3 Ra8 46. Rxa8 Qxa8+
47. Kb3 Rc7 48. Ra1 Qb7 49. Ra3 g6 50. Ka2 Qb5 51. Qd3 Qxd3 52. Bxd3 Bg5 53. b5
Bc1 54. b6 1-0

[Event "FICS rated standard game"]
[Site "FICS freechess.org"]
[Date "2014.01.21"]
[Round "?"]
[White "zerowin"]
[Black "GnuCheese"]
[Result "1-0"]
[WhiteElo "2512"]
[BlackElo "2544"]
[PlyCount "99"]
[EventDate "2014.??.??"]

1. e4 c5 2. Nf3 Nc6 3. d4 cxd4 4. Nxd4 Nf6 5. Nc3 d6 6. Be2 e5 7. Nf3 h6 8. O-O
Be7 9. Re1 O-O 10. h3 Re8 11. Bf1 Bf8 12. Nh2 Qa5 13. Nd5 Nxd5 14. exd5 Nd4 15.
c3 Nf5 16. c4 Bd7 17. Bd2 Qb6 18. Bd3 Nd4 19. Bc3 f5 20. b4 a6 21. a4 Kh8 22.
a5 Qa7 23. Nf1 Be7 24. Ng3 Rf8 25. Ne2 Nxe2+ 26. Qxe2 Rac8 27. c5 e4 28. c6
bxc6 29. Bxa6 Rc7 30. Bb2 cxd5 31. b5 Rc4 32. Rec1 Rc5 33. b6 Qa8 34. Rxc5 dxc5
35. Bb5 Be6 36. a6 d4 37. b7 Qa7 38. Bc4 Bd7 39. Bc1 Bc6 40. Rb1 Bd6 41. Qh5 e3
42. fxe3 Be4 43. Qg6 Qb8 44. Rb6 Bc7 45. exd4 Qd8 46. d5 f4 47. Qxe4 Bxb6 48.
Bxf4 Ba7 49. d6 Re8 50. Qg6 1-0

[Event "Oberliga Ost-A 1314"]
[Site "Germany"]
[Date "2014.01.19"]
[Round "7.5"]
[White "Salzmann, Peter"]
[Black "Escher, Thomas"]
[Result "0-1"]
[WhiteElo "2196"]
[BlackElo "2188"]
[PlyCount "98"]
[EventDate "2013.10.13"]
[EventType "team-tourn"]
[EventRounds "11"]
[EventCountry "GER"]
[SourceTitle "OM OTB B 201907"]
[Source "Opening Master"]
[SourceDate "2019.07.06"]
[SourceVersion "2"]
[SourceVersionDate "2019.07.06"]
[SourceQuality "1"]

1. e4 c5 2. Nf3 d6 3. Nc3 Nc6 4. d4 cxd4 5. Nxd4 Nf6 6. Be2 e5 7. Nxc6 bxc6 8.
Bg5 Be7 9. O-O Be6 10. Bf3 O-O 11. Qd3 h6 12. Bxf6 Bxf6 13. Rfd1 Be7 14. b3 Qc7
15. Ne2 d5 16. Ng3 Rad8 17. Qe2 g6 18. c4 dxc4 19. bxc4 Rxd1+ 20. Rxd1 Rd8 21.
Rxd8+ Qxd8 22. Bg4 Bxg4 23. Qxg4 Qd4 24. Qe2 a5 25. Qc2 Bc5 26. h4 h5 27. Nf1
a4 28. g3 a3 29. Kg2 Kf8 30. Kf3 Ke7 31. Qe2 Qc3+ 32. Kg2 Bd4 33. Qd2 Qxc4 34.
Qg5+ Kd7 35. Qd2 Ke6 36. Ne3 Bxe3 37. Qxe3 Qb4 38. Qd3 Kf6 39. Kf3 Kg7 40. Qa6
c5 41. Qd6 Qc3+ 42. Ke2 c4 43. Qd5 Qc2+ 44. Ke3 Qxa2 45. Qxe5+ Kh7 46. Qd5 Qb3+
47. Kf4 Qb8+ 48. Kg5 Qc7 49. f4 Qe7# 0-1

[Event "BL2-West 1314"]
[Site "Germany"]
[Date "2014.01.19"]
[Round "5.3"]
[White "Mertens, Heiko"]
[Black "Baklan, Vladimir"]
[Result "0-1"]
[WhiteElo "2324"]
[BlackElo "2634"]
[PlyCount "110"]
[EventDate "2013.10.13"]
[EventType "team-tourn"]
[EventRounds "9"]
[EventCountry "GER"]
[SourceTitle "OM OTB B 201907"]
[Source "Opening Master"]
[SourceDate "2019.07.06"]
[SourceVersion "2"]
[SourceVersionDate "2019.07.06"]
[SourceQuality "1"]

1. e4 c5 2. Nf3 Nc6 3. d4 cxd4 4. Nxd4 Nf6 5. Nc3 d6 6. Be2 e5 7. Nb3 Be7 8.
O-O O-O 9. Be3 a5 10. Nd2 Rb8 11. a4 Nb4 12. Nc4 b6 13. f4 d5 14. Nxe5 dxe4 15.
Nb5 Qxd1 16. Bxd1 Nd7 17. Nc4 Nc5 18. c3 Nbd3 19. Bc2 Be6 20. Nd2 f5 21. Nd4
Bd5 22. Rab1 Rbc8 23. h3 h5 24. g3 Rf6 25. Kh2 Bf7 26. h4 g6 27. Rfd1 Rd6 28.
Nb5 Rd7 29. Nd4 Bf6 30. Kg1 Kh7 31. Kg2 Rdd8 32. Kg1 Kg8 33. Kg2 Na6 34. Bb3
Nc7 35. Bxf7+ Kxf7 36. Nc6 Rd6 37. Na7 Nd5 38. Bg1 Ra8 39. Nb5 Rc6 40. Nb3 Rd8
41. Na3 Nxb2 42. Rxd5 Rxd5 43. Rxb2 Rxc3 44. Nb5 Rxg3+ 45. Kxg3 Rd3+ 46. Kg2
Bxb2 47. N3d4 Rd2+ 48. Kf1 Rd1+ 49. Kg2 Ra1 50. Nd6+ Kg8 51. Nc6 Rxa4 52. Bxb6
Ra2 53. Kh3 a4 54. Ne5 a3 55. Ndc4 Ra1 0-1

[Event "Kishinev op"]
[Site "Kishinev"]
[Date "2014.01.19"]
[Round "2"]
[White "Nicora, Cristi"]
[Black "Iovcov, Valerii"]
[Result "0-1"]
[WhiteElo "1794"]
[BlackElo "2178"]
[PlyCount "106"]
[EventDate "2014.01.18"]
[EventType "swiss"]
[EventRounds "9"]
[EventCountry "MDA"]
[SourceTitle "OM OTB B 201907"]
[Source "Opening Master"]
[SourceDate "2019.07.06"]
[SourceVersion "2"]
[SourceVersionDate "2019.07.06"]
[SourceQuality "1"]

1. e4 c5 2. Nf3 d6 3. d4 cxd4 4. Nxd4 Nf6 5. Nc3 Nc6 6. Be2 e5 7. Nb3 Be7 8.
O-O O-O 9. Be3 a5 10. a4 Nb4 11. Qd2 d5 12. exd5 Nfxd5 13. Nxd5 Nxd5 14. Rad1
Nxe3 15. Qxe3 Qc7 16. Bd3 Be6 17. Be4 Rad8 18. Qf3 b6 19. Rxd8 Rxd8 20. Rd1 f5
21. Bd5 Rxd5 22. Rxd5 Qxc2 23. Na1 Qxb2 24. Rd1 Bc5 25. Qa8+ Kf7 26. Qf3 h6 27.
Rf1 Kg8 28. Qd3 e4 29. Qb1 Bxf2+ 30. Kh1 Qe2 31. Nb3 Kh7 32. Rd1 Bc4 33. Nd2
Bd3 34. Qb3 Be3 35. Nf1 Bc5 36. Ng3 Bc2 37. Nxe2 Bxb3 38. Ra1 g5 39. Ng3 Kg6
40. Rf1 Be6 41. Rc1 h5 42. Ne2 f4 43. Nc3 Kf5 44. Ne2 Bb3 45. Nc3 g4 46. Rb1
Bc4 47. Rc1 Bd3 48. Nd1 f3 49. Nb2 f2 50. Nxd3 exd3 51. g3 Ke4 52. Kg2 Ke3 53.
h4 gxh3+ 0-1

[Event "Dvorkovich Memorial op"]
[Site "Taganrog"]
[Date "2014.01.18"]
[Round "1"]
[White "Kostrikina, Anna"]
[Black "Stukopin, Andrey"]
[Result "0-1"]
[WhiteElo "2141"]
[BlackElo "2523"]
[PlyCount "72"]
[EventDate "2014.01.18"]
[EventType "swiss"]
[EventRounds "9"]
[EventCountry "RUS"]
[SourceTitle "OM OTB B 201907"]
[Source "Opening Master"]
[SourceDate "2019.07.06"]
[SourceVersion "2"]
[SourceVersionDate "2019.07.06"]
[SourceQuality "1"]

1. e4 c5 2. Nf3 Nc6 3. d4 cxd4 4. Nxd4 Nf6 5. Nc3 d6 6. Be2 e5 7. Nf3 h6 8. O-O
Be7 9. Re1 O-O 10. Bf1 a6 11. h3 Qc7 12. Nd5 Nxd5 13. exd5 Nb8 14. c4 f5 15. b3
Nd7 16. Bb2 Bf6 17. Rc1 b6 18. b4 Kh7 19. Qc2 g6 20. Qb3 Qd8 21. Qd1 Bb7 22.
Ba3 Rf7 23. Rb1 Qh8 24. c5 bxc5 25. bxc5 Nxc5 26. Rb6 Rd8 27. Bc4 Rfd7 28. Qb1
Ba8 29. Rd1 Na4 30. Rxa6 Nc3 31. Qc2 Nxd1 32. Qxd1 e4 33. Nd2 Bb7 34. Rb6 Bd4
35. Rb3 Qe5 36. Rb5 Qg3 0-1

[Event "Dvorkovich Memorial op"]
[Site "Taganrog"]
[Date "2014.01.18"]
[Round "1"]
[White "Kovchan, Alexander"]
[Black "Nazaretyan, Tigran"]
[Result "1-0"]
[WhiteElo "2554"]
[BlackElo "2149"]
[PlyCount "71"]
[EventDate "2014.01.18"]
[EventType "swiss"]
[EventRounds "9"]
[EventCountry "RUS"]
[SourceTitle "OM OTB B 201907"]
[Source "Opening Master"]
[SourceDate "2019.07.06"]
[SourceVersion "2"]
[SourceVersionDate "2019.07.06"]
[SourceQuality "1"]

1. e4 c5 2. Nf3 Nc6 3. d4 cxd4 4. Nxd4 Nf6 5. Nc3 d6 6. Be2 e5 7. Nf3 h6 8. O-O
Be7 9. Re1 O-O 10. Bf1 Qa5 11. a3 Be6 12. Rb1 Rac8 13. b4 Qd8 14. Nd5 Bxd5 15.
exd5 Nb8 16. c4 Nbd7 17. Bb2 Re8 18. Rc1 Bf8 19. Qb3 b6 20. Nd2 g6 21. Nb1 h5
22. Nc3 Bh6 23. Rcd1 Ng4 24. h3 Ngf6 25. Nb5 Nb8 26. Nxa7 Rc7 27. Nc6 Nxc6 28.
dxc6 Rxc6 29. Bxe5 Re6 30. Qf3 Rc7 31. Bd4 Rxe1 32. Rxe1 Nd7 33. Qd5 Bf8 34.
Bd3 Ra7 35. c5 bxc5 36. Qxf7+ 1-0

[Event "FICS rated standard game"]
[Site "FICS freechess.org"]
[Date "2014.01.15"]
[Round "?"]
[White "Attractor"]
[Black "fanfounet"]
[Result "0-1"]
[WhiteElo "2007"]
[BlackElo "2147"]
[PlyCount "34"]
[EventDate "2014.??.??"]

1. e4 c5 2. Nf3 d6 3. d4 cxd4 4. Nxd4 Nf6 5. Nc3 Nc6 6. Be2 e5 7. Nb3 Be7 8.
O-O O-O 9. Be3 a5 10. a4 Nb4 11. f3 d5 12. exd5 Bf5 13. Rc1 Nfxd5 14. Nxd5 Nxd5
15. Bc5 Bxc5+ 16. Nxc5 Rc8 17. Nxb7 Qb6+ 0-1

[Event "SVK-chT2D 1314"]
[Site "Slovakia"]
[Date "2014.01.12"]
[Round "6.4"]
[White "Kendi, Stefan"]
[Black "Cisko, Matej"]
[Result "0-1"]
[WhiteElo "1992"]
[BlackElo "1947"]
[PlyCount "62"]
[EventDate "2013.10.19"]
[EventType "team-tourn"]
[EventRounds "11"]
[EventCountry "SVK"]
[SourceTitle "OM OTB B 201907"]
[Source "Opening Master"]
[SourceDate "2019.07.06"]
[SourceVersion "2"]
[SourceVersionDate "2019.07.06"]
[SourceQuality "1"]

1. e4 c5 2. Nf3 d6 3. d4 cxd4 4. Nxd4 Nf6 5. Nc3 Nc6 6. Be2 e5 7. Nb3 a5 8. Be3
Be7 9. O-O a4 10. Nd2 O-O 11. Nc4 b5 12. Nxb5 Ba6 13. Nba3 d5 14. Nb6 Bxe2 15.
Qxe2 d4 16. Nxa8 dxe3 17. Qxe3 Qxa8 18. c3 Na5 19. Rfe1 Qb7 20. Rab1 Rc8 21.
Qd3 Bc5 22. h3 Qb6 23. Qc2 Nh5 24. Qe2 Nf4 25. Qf3 Rc6 26. Kh2 Rf6 27. Qg4 h5
28. Qc8+ Kh7 29. Red1 Bxf2 30. Rd8 Qe3 31. Rh8+ Kg6 0-1

[Event "FICS rated standard game"]
[Site "FICS freechess.org"]
[Date "2014.01.11"]
[Round "?"]
[White "CzornyPtok"]
[Black "Triarius"]
[Result "1/2-1/2"]
[WhiteElo "2070"]
[BlackElo "2159"]
[PlyCount "100"]
[EventDate "2014.??.??"]

1. e4 c5 2. Nf3 Nc6 3. d4 cxd4 4. Nxd4 Nf6 5. Nc3 d6 6. Be2 e5 7. Nf3 h6 8. O-O
Be7 9. h3 O-O 10. Be3 Be6 11. Qd2 d5 12. exd5 Nxd5 13. Nxd5 Qxd5 14. Qxd5 Bxd5
15. Rfd1 Rfd8 16. a3 Be4 17. Rac1 Rxd1+ 18. Rxd1 Rd8 19. Rxd8+ Bxd8 20. c3 a6
21. b4 Be7 22. Nd2 Bc2 23. Bf3 f5 24. Bd5+ Kf8 25. g3 g5 26. f4 exf4 27. gxf4
gxf4 28. Bxf4 Bg5 29. Bxg5 hxg5 30. Nf3 g4 31. hxg4 fxg4 32. Bxc6 bxc6 33. Ne5
Ke7 34. Nxc6+ Kd6 35. Na5 Ke5 36. c4 g3 37. Nc6+ Kd6 38. Nd4 Bd3 39. c5+ Ke5
40. Nb3 Be4 41. a4 Kd5 42. Nd2 Bc2 43. a5 Kc6 44. Kg2 Kb5 45. Kxg3 Kxb4 46. c6
Bf5 47. Kf4 Bc8 48. c7 Kxa5 49. Ke5 Kb6 50. Kd6 a5 1/2-1/2

[Event "Buryatia-ch Superfinal 2nd"]
[Site "Ulan Ude"]
[Date "2014.01.06"]
[Round "2"]
[White "Malanova, Aryuna"]
[Black "Samdanova, Surena"]
[Result "0-1"]
[WhiteElo "1947"]
[BlackElo "1839"]
[PlyCount "64"]
[EventDate "2014.01.05"]
[EventType "swiss"]
[EventRounds "9"]
[EventCountry "RUS"]
[SourceTitle "OM OTB B 201907"]
[Source "Opening Master"]
[SourceDate "2019.07.06"]
[SourceVersion "2"]
[SourceVersionDate "2019.07.06"]
[SourceQuality "1"]

1. e4 c5 2. Nf3 Nc6 3. d4 cxd4 4. Nxd4 Nf6 5. Nc3 d6 6. Be2 e5 7. Nb3 Be7 8.
Be3 O-O 9. O-O a5 10. a4 Nb4 11. Bf3 Be6 12. Qd2 Rc8 13. Rfd1 Nd7 14. Rac1 b6
15. Nb5 Nxc2 16. Nxa5 bxa5 17. Rxc2 Nc5 18. Bxc5 dxc5 19. Qc3 Qb6 20. Rcd2 f6
21. Be2 c4 22. Nd6 Rc6 23. Nxc4 Qc7 24. Qxa5 Rxc4 25. Qxc7 Rxc7 26. Bb5 Rfc8
27. h3 Bb4 28. Rd3 Rc2 29. b3 R2c3 30. Ba6 Rxd3 31. Rxd3 Rc1+ 32. Kh2 Rc3 0-1

[Event "CZE-chT2D 1314"]
[Site "Czechia"]
[Date "2014.01.05"]
[Round "5.8"]
[White "Just, Pavel"]
[Black "Vesely, Tomas"]
[Result "0-1"]
[WhiteElo "2001"]
[BlackElo "2092"]
[PlyCount "74"]
[EventDate "2013.11.03"]
[EventType "team-tourn"]
[EventRounds "11"]
[EventCountry "CZE"]
[SourceTitle "OM OTB B 201907"]
[Source "Opening Master"]
[SourceDate "2019.07.06"]
[SourceVersion "2"]
[SourceVersionDate "2019.07.06"]
[SourceQuality "1"]

1. e4 c5 2. Nf3 Nc6 3. d4 cxd4 4. Nxd4 Nf6 5. Nc3 d6 6. Be2 e5 7. Nb3 Be6 8.
Bg5 Be7 9. O-O O-O 10. Bxf6 Bxf6 11. Nd5 Bg5 12. Bg4 Qd7 13. Bxe6 fxe6 14. Nc3
a6 15. Qg4 Qe7 16. Rad1 b5 17. Rd3 Nb4 18. Rg3 Bf4 19. Rh3 Nxc2 20. Rd1 Kh8 21.
Rhd3 Rad8 22. a3 b4 23. Nb1 bxa3 24. bxa3 Rb8 25. Qe2 Rfc8 26. g3 Bg5 27. Kg2
h6 28. h4 Bf6 29. N1d2 Nxa3 30. Na5 Rb2 31. Rxa3 d5 32. Rd3 Qb4 33. Nab3 a5 34.
Na1 a4 35. Qf3 d4 36. Qg4 Rc3 37. Qe2 Qb5 0-1